عرض عادي
عرض مارك
- دافيز، ديانا
مدخل إسم شخص
001 - رقم الضبط
- حقل الضبط: 17035
003 - معرف رقم الضبط
- حقل الضبط: OSt
005 - تاريخ ووقت أخر عملية
- حقل الضبط: 20120806002030.0
008 - عناصر بيانات ثابتة الطول
- حقل تحكم ثابت الطول: 120806|||a|||||| | ||| d
040 ## - مصدر الفهرسة
- هيئة الفهرسة الأصلية: OSt
- وكالة الكتابة: OSt
100 ## - مدخل -- أسم شخص
- إسم شخص: دافيز، ديانا
670 ## - بيانات المصدر موجوده
- الاستشهاد بالمصدر: Work cat.: (OSt)27683: دافيز، ديانا, تطبيق قانون الجذب =, 2009
